Tennis - Le top 20 du classement ATP au 1er janvier 2013 - Statistiques

Statistiques générales
  • Ce quiz a été pris 22 fois
  • Le résultat moyen est 15 sur 20
Statistiques - réponses
Rang Joueur Pays Âge Points % Correct
3 Andy Murray Royaume-Uni 25 8 000
100%
8 Jo-Wilfried Tsonga France 27 3 490
100%
1 Novak Djokovic Serbie 25 12 920
100%
4 Rafael Nadal Espagne 26 6 690
100%
10 Richard Gasquet France 26 2 515
100%
2 Roger Federer Suisse 31 10 965
100%
17 Stan Wawrinka Suisse 27 1 900
100%
5 David Ferrer Espagne 30 6 505
95%
16 Gilles Simon France 28 2 165
95%
7 Juan Martin Del Potro Argentine 24 4 480
95%
19 Kei Nishikori Japon 23 1 830
95%
15 Marin Cilic Croatie 24 2 210
85%
13 Milos Raonic Canada 22 2 380
80%
6 Tomas Berdych Tchéquie 27 4 680
80%
14 John Isner États-Unis 27 2 215
65%
11 Nicolas Almagro Espagne 27 2 515
40%
9 Janko Tipsarevic Serbie 28 2 990
25%
18 Alexandr Dolgopolov Ukraine 24 1 855
15%
12 Juan Monaco Argentine 28 2 430
15%
20 Philipp Kohlschreiber Allemagne 29 1 770
15%
Aucun quiz correspondant
Distribution des résultats
% des personnes avec chaque résultat
Percentile par nombre de réponses
Votre historique - résultats
Vous n’avez pas pris ce quiz